<?xml version="1.0" encoding="UTF-8"?>
<record
    xmlns:xsi="http://www.w3.org/2001/XMLSchema-instance"
    xsi:schemaLocation="http://www.loc.gov/MARC21/slim http://www.loc.gov/standards/marcxml/schema/MARC21slim.xsd"
    xmlns="http://www.loc.gov/MARC21/slim">

  <leader>02683cab a2200325Ia 45 0</leader>
  <controlfield tag="001">u212881</controlfield>
  <controlfield tag="003">SIRSI</controlfield>
  <controlfield tag="008">101023s2016    ua     ss b         eng d</controlfield>
  <datafield tag="040" ind1=" " ind2=" ">
    <subfield code="a">EAL</subfield>
  </datafield>
  <datafield tag="041" ind1=" " ind2=" ">
    <subfield code="a">eng</subfield>
    <subfield code="b">ara</subfield>
  </datafield>
  <datafield tag="090" ind1=" " ind2=" ">
    <subfield code="a">ART MJAR V41 No1 Pt1 8</subfield>
  </datafield>
  <datafield tag="100" ind1="1" ind2=" ">
    <subfield code="a">Abou-El-Hassan, S.</subfield>
  </datafield>
  <datafield tag="240" ind1="1" ind2="0">
    <subfield code="a">Minufiya journal of agricultural research, 2016 v.41 (1)</subfield>
    <subfield code="n">Part 1</subfield>
    <subfield code="h">[electronic resource].</subfield>
  </datafield>
  <datafield tag="245" ind1="1" ind2="0">
    <subfield code="a">Effect of organic nutrition on the nutritional status and yield of red cabbage plants in sandy soil</subfield>
    <subfield code="h">[electronic resource].</subfield>
  </datafield>
  <datafield tag="246" ind1="1" ind2="5">
    <subfield code="a">&#x62A;&#x623;&#x62B;&#x64A;&#x631; &#x627;&#x644;&#x62A;&#x63A;&#x630;&#x64A;&#x629; &#x627;&#x644;&#x639;&#x636;&#x648;&#x64A;&#x629; &#x639;&#x644;&#x649; &#x627;&#x644;&#x62D;&#x627;&#x644;&#x629; &#x627;&#x644;&#x63A;&#x630;&#x627;&#x626;&#x64A;&#x629; &#x648;&#x627;&#x644;&#x645;&#x62D;&#x635;&#x648;&#x644; &#x644;&#x646;&#x628;&#x627;&#x62A;&#x627;&#x62A; &#x627;&#x644;&#x643;&#x631;&#x646;&#x628; &#x627;&#x644;&#x627;&#x62D;&#x645;&#x631; &#x641;&#x64A; &#x627;&#x644;&#x62A;&#x631;&#x628;&#x629; &#x627;&#x644;&#x631;&#x645;&#x644;&#x64A;&#x629;.</subfield>
  </datafield>
  <datafield tag="300" ind1=" " ind2=" ">
    <subfield code="a">P.91-101.</subfield>
  </datafield>
  <datafield tag="504" ind1=" " ind2=" ">
    <subfield code="a">Includes references.</subfield>
  </datafield>
  <datafield tag="520" ind1=" " ind2=" ">
    <subfield code="a">The objective of this research was to investigate the ability of improving nutritional status and the yield of red cabbage hybrid type(Lisa F1) using organic nutrition with compost, humic acid and effective microorganisms in sandy soil. The experiment was conducted in the Experimental Farm of Arid Land Agricultural Research and Service Center (ALARC), Faculty of Agriculture, Ain Shams University, Cairo, Egypt; during the two successive winter seasons of 2012/2013 and 2013/2014. Two rates of compost (R1C equal 6.25 and R2Cequal 9.38 ton/feddan as 100 and 150% of recommended nitrogen respectively) with or wUhout additions of humic acid and effective microorganisms (EM) individually or in combinations, were investigated comparing to recommended mineral fertilizers of NPK (control) on nutritional status and yield component of red cabbage. The results showed that R1C and R2C+humic acid + EM and R2C + EM only gave significantly superior in nutrient concentrations and yield component of red cabbage compared to recommended mineral fertilizer. It is recommended that organic nutrition of red cabbage in sandy soil can be performed successfully by applying 9.38 ton/feddan ofcompost with adding EM, as well as using 6.25 ton/feddan of compost with adding humic acid and EM to improve nutritional status and yield of red cabbage.  Keywords: Red cabbage, Organic nutrition, Compost, Humic acid, Effective microorganisms (EM), Sandy soil.</subfield>
  </datafield>
  <datafield tag="546" ind1=" " ind2=" ">
    <subfield code="a">Summary in Arabic.</subfield>
  </datafield>
  <datafield tag="650" ind1=" " ind2="0">
    <subfield code="a">Cabbage</subfield>
    <subfield code="x">Fertilizers.</subfield>
  </datafield>
  <datafield tag="650" ind1=" " ind2="0">
    <subfield code="a">Organic fertilizers.</subfield>
  </datafield>
  <datafield tag="650" ind1=" " ind2="0">
    <subfield code="a">Compost.</subfield>
  </datafield>
  <datafield tag="650" ind1=" " ind2="0">
    <subfield code="a">Humic acid.</subfield>
  </datafield>
  <datafield tag="650" ind1=" " ind2="0">
    <subfield code="a">Sandy soils.</subfield>
  </datafield>
  <datafield tag="700" ind1="1" ind2=" ">
    <subfield code="a">Ahmed, S. H.</subfield>
  </datafield>
  <datafield tag="700" ind1="1" ind2=" ">
    <subfield code="a">El-Shinawy, M. Z.</subfield>
  </datafield>
  <datafield tag="773" ind1="0" ind2=" ">
    <subfield code="t">Minufiya Journal of Agricultural Research. </subfield>
    <subfield code="g">2016.v.41(1)</subfield>
    <subfield code="n">Part 1</subfield>
    <subfield code="x">1110-0265</subfield>
    <subfield code="7">nnas</subfield>
    <subfield code="w">u158151</subfield>
  </datafield>
  <datafield tag="856" ind1="4" ind2="0">
    <subfield code="u">http://nile.enal.sci.eg/EALE/2016/MJAR/4116/1p1/91.pdf</subfield>
    <subfield code="z">Full Text Article</subfield>
  </datafield>
  <datafield tag="596" ind1=" " ind2=" ">
    <subfield code="a">1</subfield>
  </datafield>
  <datafield tag="942" ind1=" " ind2=" ">
    <subfield code="c">AR</subfield>
    <subfield code="2">lcc</subfield>
  </datafield>
  <datafield tag="952" ind1=" " ind2=" ">
    <subfield code="0">0</subfield>
    <subfield code="1">0</subfield>
    <subfield code="2">alc</subfield>
    <subfield code="4">0</subfield>
    <subfield code="7">0</subfield>
    <subfield code="a">ENAL</subfield>
    <subfield code="b">ENAL</subfield>
    <subfield code="d">2019-12-11</subfield>
    <subfield code="l">0</subfield>
    <subfield code="o">ART MJAR V41 No1 Pt1 8</subfield>
    <subfield code="r">2019-12-11 00:00:00</subfield>
    <subfield code="w">2019-12-11</subfield>
    <subfield code="y">AR</subfield>
  </datafield>
  <datafield tag="999" ind1=" " ind2=" ">
    <subfield code="c">61587</subfield>
    <subfield code="d">61587</subfield>
  </datafield>
</record>
